Nájdu vchod do tajnej chodby?

Bibliographic Details
Main Author: (bšl) (Author)
Format: Article
Language:Slovak
Subjects:

MARC

LEADER 00000nab a2200000 a 4500
001 vtls008188312
003 SK-MaSNL
005 20260303205222.0
008 050805c2005 xo wr|p|||||||000 b|slo
015 |a PPPK2004  |2 pppkcl 
038 |a PPPK 
040 |a PPPKCL  |b slo  |c PPPKCL  |e AACR2 
041 0 |a slo 
044 |a xo  |c SK 
080 |a 069.6.02:808.2  |2 UDC-MRF-SK2 
080 |a 655.413:069.6.02  |2 UDC-MRF-SK2 
100 1 |a (bšl)  |4 aut  |9 1079762 
245 1 0 |a Nájdu vchod do tajnej chodby?  |c [autor] (bšl) 
610 2 7 |a Múzeum (Kežmarok, Slovensko)  |2 pppkcl  |9 85244 
648 7 |a 2005  |2 pppkcl  |9 305506 
650 0 7 |a vydavateľská činnosť  |2 pppkcl  |9 2790 
773 0 |t Podtatranské noviny  |g Roč. XLVI, č. 21 (2005), s. 9 
852 |a PPPK  |b KIS3GCP 
999 |c 2194209  |d 2196139